000 00456nam a2200157 i 4500
001 98485
003 ES-MaACL
007 t|
008 050919s1907 sp ||||1| spa d
245 0 0 _aLecturas francesas /
_cordenadas por A. Pérez Pimentel.
250 _a3ª ed.
260 _aMadrid :
_b[s.n.],
_c1907 (
_fImpr. Gabriel López del Horno)
300 _aVI, 112 p. ;
_c22 cm.
700 1 _aPérez Pimentel, Antonio.
_991085
852 _aES-MaACL
_jB-1935
999 _c98485
_d98485